| 000 | 00482ntaaa2200169 4500 | ||
|---|---|---|---|
| 003 | 01 | ||
| 005 | 20251027202234.0 | ||
| 008 | 0714s1973 ag 01 | ||
| 040 |
_aAR-BaBN _bspa _cAR-BaBN _eaacr _dRIC |
||
| 082 | _a268.1100 N11 | ||
| 100 |
_aNational Council of Churches of CHrist _920833 |
||
| 245 | _aDeveloping vacation church school leadership | ||
| 250 | _a1 ed. | ||
| 260 |
_aChicago : _bNational Council of the Churches of Christ, _cc1950, 1952 |
||
| 300 | _a46 p | ||
| 942 | _cBK | ||
| 999 |
_c17215 _d17215 |
||